[Event "Preinscritos IRT Online"]
[Site "Chess.com INT"]
[Date "2020.12.26"]
[Round "10"]
[White "Ordonez, Byron"]
[Black "Chiluisa Bautista, Matias Sebastian"]
[Result "0-1"]
[WhiteElo "1604"]
[BlackElo "1789"]
[PlyCount "72"]
[EventDate "2020.12.26"]
[EventType "swiss"]
[EventRounds "11"]
[EventCountry "ECU"]
[SourceTitle "CBM 200 Extra"]
[Source "ChessBase"]
[SourceDate "2021.03.31"]
[SourceVersion "1"]
[SourceVersionDate "2021.03.31"]
[SourceQuality "1"]

1. e4 e5 2. Nf3 Nc6 3. d4 exd4 4. Nxd4 Bc5 5. Nxc6 bxc6 6. Bc4 Nf6 7. Bg5 h6 8. Bh4 g5 9. Bg3 Nxe4 10. 0-0 d5 11. Bb3 h5 12. Be5 f6 13. Bd4 Bb6 14. a4 c5 15. Be3 d4 16. Bc1 a5 17. Re1 f5 18. f3 Bb7 19. fxe4 fxe4 20. Qe2 Qf6 21. Qb5+ Bc6 22. Qc4 Rf8 23. Qe6+ Qxe6 24. Bxe6 Ke7 25. Bc4 g4 26. Bg5+ Kd6 27. Nd2 e3 28. Nf1 Rf2 29. Rac1 Rxg2+ 30. Kh1 Rxc2+ 31. Kg1 Rg2+ 32. Kh1 Rxb2+ 33. Kg1 Rg2+ 34. Kh1 Rf8 35. Bb5 Bb7 36. Ng3 Rxg3+ 0-1

[Event "Preinscritos IRT Online"]
[Site "Chess.com INT"]
[Date "2020.12.26"]
[Round "2"]
[White "Paredes Rogel, Carlos Ariel"]
[Black "Chiluisa Bautista, Matias Sebastian"]
[Result "0-1"]
[WhiteElo "1179"]
[BlackElo "1789"]
[PlyCount "46"]
[EventDate "2020.12.26"]
[EventType "swiss"]
[EventRounds "11"]
[EventCountry "ECU"]
[SourceTitle "CBM 200 Extra"]
[Source "ChessBase"]
[SourceDate "2021.03.31"]
[SourceVersion "1"]
[SourceVersionDate "2021.03.31"]
[SourceQuality "1"]

1. e4 e5 2. Nf3 Nc6 3. Bc4 Bc5 4. c3 Nf6 5. d4 exd4 6. cxd4 Bb4+ 7. Bd2 Bxd2+ 8. Nbxd2 d5 9. exd5 Nxd5 10. 0-0 0-0 11. h3 Nf4 12. d5 Ne7 13. Ne4 Nf5 14. Qd2 Ng6 15. Rad1 Nd6 16. Nxd6 Qxd6 17. b3 Bd7 18. Rfe1 Rfe8 19. Qc3 Nf4 20. Ne5 Bf5 21. Qf3 Rxe5 22. Qxf4 Rxe1+ 23. Rxe1 Qxf4 0-1

[Event "Preinscritos IRT Online"]
[Site "Chess.com INT"]
[Date "2020.12.26"]
[Round "9"]
[White "Pianchiche Acero, Miyamu Nillu"]
[Black "Chiluisa Bautista, Matias Sebastian"]
[Result "1-0"]
[WhiteElo "1950"]
[BlackElo "1789"]
[PlyCount "81"]
[EventDate "2020.12.26"]
[EventType "swiss"]
[EventRounds "11"]
[EventCountry "ECU"]
[SourceTitle "CBM 200 Extra"]
[Source "ChessBase"]
[SourceDate "2021.03.31"]
[SourceVersion "1"]
[SourceVersionDate "2021.03.31"]
[SourceQuality "1"]

1. c4 e5 2. Nc3 Bc5 3. e3 Nc6 4. Nge2 d6 5. d4 exd4 6. exd4 Bb6 7. Be3 a6 8. g3 Nge7 9. Bg2 Ng6 10. 0-0 h5 11. Qa4 h4 12. d5 hxg3 13. hxg3 Bd7 14. dxc6 bxc6 15. Bxc6 Rb8 16. Bxd7+ Qxd7 17. Qxd7+ Kxd7 18. Bxb6 cxb6 19. b3 Ne5 20. Kg2 g5 21. Rh1 Rhg8 22. Nd5 Rg6 23. Nd4 b5 24. Rh7 bxc4 25. bxc4 Rb2 26. Re1 Rd2 27. Rxe5 dxe5 28. Rxf7+ Ke8 29. Nf3 Rxd5 30. cxd5 Kxf7 31. Nxe5+ Kg7 32. Nxg6 Kxg6 33. f4 g4 34. Kf2 Kf5 35. Ke3 Kf6 36. Ke4 Ke7 37. f5 Kd6 38. f6 Kd7 39. Kf5 Kd6 40. f7 Kxd5 41. f8Q 1-0

[Event "ECU Clasif2 U13"]
[Site "Chess.com INT"]
[Date "2020.12.18"]
[Round "2"]
[White "Chiluisa Bautista, Matias Sebastian"]
[Black "Gruezo Garcia, Ainoha Camila"]
[Result "1-0"]
[WhiteElo "1233"]
[BlackElo "1299"]
[PlyCount "85"]
[EventDate "2020.12.18"]
[EventType "swiss"]
[EventRounds "9"]
[EventCountry "ECU"]
[SourceTitle "EXT 2022"]
[Source "ChessBase"]
[SourceDate "2021.10.06"]
[SourceVersion "1"]
[SourceVersionDate "2021.10.06"]
[SourceQuality "1"]

1. e4 b6 2. d4 Bb7 3. Nc3 e6 4. f3 Bb4 5. Be3 Bxc3+ 6. bxc3 Ne7 7. Qd2 0-0 8. Ne2 f5 9. Ng3 fxe4 10. Nxe4 Bxe4 11. fxe4 Ng6 12. g3 Nc6 13. Bd3 e5 14. d5 Nce7 15. h4 d6 16. h5 Nh8 17. Be2 Qd7 18. Bg5 Rae8 19. Qd1 h6 20. Bg4 Qb5 21. Be6+ Kh7 22. Rb1 Qc4 23. Bxe7 Qxc3+ 24. Qd2 Qxg3+ 25. Kd1 Qf3+ 26. Kc1 Rxe7 27. Rd1 Nf7 28. Qd3 Qxd3 29. Rxd3 Ng5 30. Bf5+ Kh8 31. Kb2 Kg8 32. Rbd1 a5 33. Rc3 Kh8 34. Rc6 Nf3 35. Rd3 Nh4 36. Be6 Ng2 37. Rdc3 Nf4 38. Bf5 Nxh5 39. Rxc7 Rxc7 40. Rxc7 Ng3 41. Bg6 h5 42. Rd7 h4 43. Bf7 1-0

[Event "ECU Clasif2 U13"]
[Site "Chess.com INT"]
[Date "2020.12.18"]
[Round "9"]
[White "Chiluisa Bautista, Matias Sebastian"]
[Black "Salazar Flores, Yerick Alexander"]
[Result "0-1"]
[WhiteElo "1233"]
[BlackElo "1192"]
[PlyCount "72"]
[EventDate "2020.12.18"]
[EventType "swiss"]
[EventRounds "9"]
[EventCountry "ECU"]
[SourceTitle "EXT 2022"]
[Source "ChessBase"]
[SourceDate "2021.10.06"]
[SourceVersion "1"]
[SourceVersionDate "2021.10.06"]
[SourceQuality "1"]

1. e4 c5 2. Nc3 Nc6 3. Bc4 d6 4. d3 Nf6 5. Nge2 g6 6. Ng3 Bg7 7. a3 0-0 8. h4 h5 9. Bg5 Nd4 10. Nce2 Nxe2 11. Qxe2 e6 12. Qd2 d5 13. Ba2 Qb6 14. Rb1 dxe4 15. dxe4 Rd8 16. Qe2 Rd7 17. 0-0 Ng4 18. f3 Ne5 19. Kh1 Nc6 20. c3 Qc7 21. f4 b6 22. Rf3 a5 23. f5 exf5 24. exf5 Kh7 25. fxg6+ fxg6 26. Bf4 Qd8 27. Bg5 Qc7 28. Ne4 Ba6 29. Qf2 Ne5 30. Rg3 Ng4 31. Qf3 Rf8 32. Nf6+ Nxf6 33. Bxf6 Rxf6 34. Qe3 Bh6 35. Qe8 Rg7 36. Be6 Qxg3 0-1

[Event "ECU Clasif2 U13"]
[Site "Chess.com INT"]
[Date "2020.12.18"]
[Round "4"]
[White "Parra Gonzales, Andre Leonardo"]
[Black "Chiluisa Bautista, Matias Sebastian"]
[Result "0-1"]
[WhiteElo "1118"]
[BlackElo "1233"]
[PlyCount "48"]
[EventDate "2020.12.18"]
[EventType "swiss"]
[EventRounds "9"]
[EventCountry "ECU"]
[SourceTitle "EXT 2022"]
[Source "ChessBase"]
[SourceDate "2021.10.06"]
[SourceVersion "1"]
[SourceVersionDate "2021.10.06"]
[SourceQuality "1"]

1. e4 e5 2. Nf3 Nc6 3. Bc4 Bc5 4. c3 Nf6 5. d3 d6 6. 0-0 Bb6 7. h3 h6 8. Re1 g5 9. Nh2 g4 10. Nxg4 Nxg4 11. hxg4 Rg8 12. Qf3 Qe7 13. Be3 Bxg4 14. Qg3 h5 15. Bxb6 axb6 16. f3 h4 17. Qh2 Bxf3 18. Qh3 Rg3 19. Qh2 Qg5 20. Kf2 Rxg2+ 21. Qxg2 Qxg2+ 22. Ke3 Bg4 23. Na3 Qg3+ 24. Kd2 Qf2+ 0-1

[Event "ECU Clasif1 U13"]
[Site "Chess.com INT"]
[Date "2020.12.17"]
[Round "4"]
[White "Chiluisa Bautista, Matias Sebastian"]
[Black "Villagomez Martinez, Heidy Arelys"]
[Result "1-0"]
[WhiteElo "1233"]
[BlackElo "1289"]
[PlyCount "85"]
[EventDate "2020.12.17"]
[EventType "swiss"]
[EventRounds "9"]
[EventCountry "ECU"]
[SourceTitle "EXT 2022"]
[Source "ChessBase"]
[SourceDate "2021.10.06"]
[SourceVersion "1"]
[SourceVersionDate "2021.10.06"]
[SourceQuality "1"]

1. e4 e5 2. Nf3 Nc6 3. d4 exd4 4. Bc4 Bc5 5. Ng5 d5 6. Bxd5 Nh6 7. Qh5 0-0 8. Bxf7+ Rxf7 9. Nxf7 Nxf7 10. Qxc5 Qe8 11. f3 Bd7 12. Bf4 Rc8 13. Nd2 b6 14. Qh5 Nb4 15. 0-0 Nxc2 16. Rac1 d3 17. Nb3 a6 18. Rcd1 Bb5 19. Rf2 c5 20. Nc1 c4 21. b3 Rd8 22. Qf5 c3 23. e5 d2 24. Ne2 Nb4 25. Nxc3 Bd3 26. Qh3 Qc6 27. Bxd2 Bc2 28. Re1 Qc5 29. Kh1 Qxf2 30. e6 Nd6 31. e7 Re8 32. Qe6+ Kh8 33. Qxd6 Bg6 34. Qd7 Nc2 35. Rg1 Nb4 36. Bg5 Nc2 37. Bf4 Ne3 38. Bxe3 Qxe3 39. Nd5 Qc5 40. Nc7 Rxe7 41. Qd8+ Be8 42. Nxe8 Rf7 43. Nd6+ 1-0

[Event "ECU Clasif1 U13"]
[Site "Chess.com INT"]
[Date "2020.12.17"]
[Round "8"]
[White "Guerrero Cajeca, Matias Israel"]
[Black "Chiluisa Bautista, Matias Sebastian"]
[Result "1-0"]
[WhiteElo "1294"]
[BlackElo "1233"]
[PlyCount "45"]
[EventDate "2020.12.17"]
[EventType "swiss"]
[EventRounds "9"]
[EventCountry "ECU"]
[SourceTitle "EXT 2022"]
[Source "ChessBase"]
[SourceDate "2021.10.06"]
[SourceVersion "1"]
[SourceVersionDate "2021.10.06"]
[SourceQuality "1"]

1. g3 e5 2. Bg2 d5 3. c4 Be6 4. Qb3 Nd7 5. cxd5 Nc5 6. Qc4 Bd7 7. Nf3 e4 8. Nd4 a6 9. b4 b5 10. Qc2 Nb7 11. Qxe4+ Qe7 12. d6 Qxe4 13. Bxe4 c6 14. Nxc6 Bxd6 15. Na5 Nxa5 16. Bxa8 Nc4 17. a3 Nf6 18. Bg2 0-0 19. Nc3 Re8 20. d3 Ne5 21. 0-0 Bg4 22. Re1 Nxd3 23. Rd1 1-0

[Event "ECU Clasif1 U13"]
[Site "Chess.com INT"]
[Date "2020.12.17"]
[Round "9"]
[White "Parra Gonzales, Andre Leonardo"]
[Black "Chiluisa Bautista, Matias Sebastian"]
[Result "1-0"]
[WhiteElo "1118"]
[BlackElo "1233"]
[PlyCount "69"]
[EventDate "2020.12.17"]
[EventType "swiss"]
[EventRounds "9"]
[EventCountry "ECU"]
[SourceTitle "EXT 2022"]
[Source "ChessBase"]
[SourceDate "2021.10.06"]
[SourceVersion "1"]
[SourceVersionDate "2021.10.06"]
[SourceQuality "1"]

1. e4 e5 2. Nf3 Nc6 3. Bc4 Bc5 4. c3 Nf6 5. d4 exd4 6. e5 d5 7. Bb5 Ne4 8. cxd4 Bb6 9. 0-0 Bd7 10. Bxc6 Bxc6 11. Be3 0-0 12. Nc3 h6 13. Rc1 f6 14. b4 a6 15. a4 Qd7 16. a5 Ba7 17. Qd3 Nxc3 18. Qxc3 Rac8 19. Rfd1 Bb5 20. Bf4 c6 21. Bg3 Bb8 22. Re1 Rce8 23. exf6 gxf6 24. Qc2 Qg7 25. Nh4 Bxg3 26. hxg3 Qg5 27. Nf5 Kh8 28. Nd6 Rd8 29. Re7 f5 30. Nf7+ Rxf7 31. Rxf7 Qg6 32. Qxf5 Qxf5 33. Rxf5 Re8 34. Rf7 Re4 35. Rd1 1-0

[Event "ECU-ch Schools U13 Clas2"]
[Site "Chess.com INT"]
[Date "2020.11.20"]
[Round "9"]
[White "Cruz Reyes, Nick Steven"]
[Black "Chiluisa Bautista, Matias Sebastian"]
[Result "0-1"]
[WhiteElo "1220"]
[BlackElo "1233"]
[PlyCount "110"]
[EventDate "2020.11.20"]
[EventType "swiss"]
[EventRounds "9"]
[EventCountry "ECU"]
[SourceTitle "CBM 199 Extra"]
[Source "ChessBase"]
[SourceDate "2021.01.31"]
[SourceVersion "1"]
[SourceVersionDate "2021.01.31"]
[SourceQuality "1"]

1. e4 e5 2. Nf3 Nc6 3. Bb5 a6 4. Ba4 Nf6 5. 0-0 b5 6. Bb3 Bc5 7. c3 Bb6 8. d4 Qe7 9. Re1 d6 10. Bg5 h6 11. Bxf6 Qxf6 12. Bd5 Bd7 13. Nbd2 Rb8 14. dxe5 Nxe5 15. Qe2 Bg4 16. h3 Bd7 17. Nxe5 dxe5 18. Nf3 g5 19. Rad1 g4 20. hxg4 Bxg4 21. Bb3 Rg8 22. Kf1 Bxf3 23. Qxf3 Qxf3 24. gxf3 Ke7 25. Rd5 Rg5 26. Red1 Rf8 27. Rd7+ Kf6 28. Rd8 Rxd8 29. Rxd8 Ke7 30. Rd5 Rh5 31. Kg2 Rg5+ 32. Kf1 h5 33. f4 Rg7 34. Rxe5+ Kf8 35. Rxh5 Rg4 36. Rf5 Rg7 37. e5 Ke7 38. Rf6 Rh7 39. f5 Rh1+ 40. Kg2 Rh7 41. Rc6 Rh5 42. Rf6 Rh7 43. Kf1 a5 44. a3 a4 45. Ba2 Bc5 46. Ke2 Bb6 47. Rc6 Rh5 48. Bb1 Rh2 49. Kd1 Rxf2 50. Rh6 Rf1+ 51. Kc2 Rf2+ 52. Kc1 Be3+ 53. Kd1 Bxh6 54. f6+ Kf8 55. Bd3 Rxb2 0-1

[Event "ECU-ch Schools U13 Clas2"]
[Site "Chess.com INT"]
[Date "2020.11.20"]
[Round "2"]
[White "Salas Ona, Juan Andres"]
[Black "Chiluisa Bautista, Matias Sebastian"]
[Result "1/2-1/2"]
[WhiteElo "1030"]
[BlackElo "1233"]
[PlyCount "137"]
[EventDate "2020.11.20"]
[EventType "swiss"]
[EventRounds "9"]
[EventCountry "ECU"]
[SourceTitle "CBM 199 Extra"]
[Source "ChessBase"]
[SourceDate "2021.01.31"]
[SourceVersion "1"]
[SourceVersionDate "2021.01.31"]
[SourceQuality "1"]

1. e4 e5 2. Nf3 Nc6 3. Bc4 Bc5 4. Nc3 d6 5. d3 h6 6. Be3 Nf6 7. Bxc5 dxc5 8. Bb5 Bd7 9. Bxc6 Bxc6 10. Nxe5 Bd7 11. Nxd7 Qxd7 12. Qd2 a6 13. 0-0 0-0 14. Rfe1 Qg4 15. Re3 Nh5 16. Nd5 c6 17. Nc3 Rad8 18. Ne2 Rfe8 19. Ng3 Nf6 20. Nf5 Nxe4 21. Qe1 Qxf5 22. dxe4 Qf6 23. c3 Rd7 24. Rd1 Red8 25. Rxd7 Rxd7 26. Qe2 Qd6 27. f3 Qd2 28. Kf2 Qxe2+ 29. Rxe2 Rd3 30. a3 c4 31. h3 Kf8 32. Kg3 g6 33. Kf4 Ke7 34. e5 Ke6 35. h4 f6 36. exf6+ Kxf6 37. Kg4 g5 38. hxg5+ hxg5 39. g3 b5 40. f4 gxf4 41. gxf4 a5 42. f5 c5 43. Re6+ Kf7 44. Re5 b4 45. axb4 cxb4 46. cxb4 axb4 47. Rc5 Rd4+ 48. Kg5 b3 49. f6 Rd2 50. Rxc4 Rxb2 51. Rb4 Rg2+ 52. Kf5 Rf2+ 53. Kg5 b2 54. Rb7+ Kf8 55. Kg6 Rg2+ 56. Kf5 Rf2+ 57. Ke6 Re2+ 58. Kf5 Rf2+ 59. Kg5 Rg2+ 60. Kh4 Rf2 61. Rb6 Kf7 62. Kg5 Rg2+ 63. Kf5 Rf2+ 64. Ke5 Re2+ 65. Kd4 Rh2 66. Kc3 Rg2 67. Rb7+ Kxf6 68. Rxb2 Rxb2 69. Kxb2 1/2-1/2

[Event "ECU-ch Schools U13 Clas2"]
[Site "Chess.com INT"]
[Date "2020.11.20"]
[Round "6"]
[White "Ubilluz Pena, Jaiden Andres"]
[Black "Chiluisa Bautista, Matias Sebastian"]
[Result "1/2-1/2"]
[WhiteElo "1324"]
[BlackElo "1233"]
[PlyCount "157"]
[EventDate "2020.11.20"]
[EventType "swiss"]
[EventRounds "9"]
[EventCountry "ECU"]
[SourceTitle "CBM 199 Extra"]
[Source "ChessBase"]
[SourceDate "2021.01.31"]
[SourceVersion "1"]
[SourceVersionDate "2021.01.31"]
[SourceQuality "1"]

1. e4 e5 2. Nf3 Nc6 3. Nc3 Nf6 4. d4 exd4 5. Nxd4 Bb4 6. Nxc6 bxc6 7. Bd3 0-0 8. Bg5 h6 9. Bh4 Re8 10. 0-0 Bxc3 11. bxc3 d5 12. exd5 cxd5 13. Bxf6 Qxf6 14. Bb5 c6 15. Bd3 Bf5 16. Qf3 Re5 17. Rab1 Qg6 18. Bxf5 Rxf5 19. Qd3 Rg5 20. Qxg6 Rxg6 21. g3 Re6 22. Rb7 Re2 23. Rb2 a5 24. Rfb1 Rae8 25. Kf1 Rd2 26. Rb8 Rxb8 27. Rxb8+ Kh7 28. Rb2 a4 29. Ke1 a3 30. Rb3 Rxc2 31. Rxa3 g5 32. h3 c5 33. g4 Kg6 34. Ra6+ f6 35. Ra3 h5 36. f3 Rh2 37. gxh5+ Kxh5 38. Ra5 Rxh3 39. Rxc5 Rxf3 40. a4 Rf4 41. a5 Ra4 42. Rxd5 Ra1+ 43. Kf2 Ra4 44. Kg3 Rc4 45. Rd3 Ra4 46. Rd5 Rc4 47. Rd3 Rc5 48. a6 Ra5 49. Rd6 Ra3 50. Rxf6 Rxc3+ 51. Kg2 Ra3 52. Rb6 g4 53. Rb5+ Kh4 54. Rb6 Ra2+ 55. Kg1 Kg3 56. Rb3+ Kh4 57. Rb6 g3 58. Rh6+ Kg5 59. Rb6 Kf4 60. Rf6+ Kg5 61. Rb6 Kf5 62. Rb5+ Ke4 63. Rb4+ Kd5 64. Rb6 Kc5 65. Rg6 Ra3 66. Kg2 Kb5 67. Rg8 Rxa6 68. Kxg3 Ra3+ 69. Kf4 Ra4+ 70. Ke5 Ra1 71. Rb8+ Kc4 72. Rc8+ Kd3 73. Rd8+ Ke3 74. Rd5 Rh1 75. Kd6 Rh6+ 76. Kc5 Ke4 77. Rd4+ Ke3 78. Rd6 Rxd6 79. Kxd6 1/2-1/2

[Event "ECU-ch Schools U13 Clas1"]
[Site "Chess.com INT"]
[Date "2020.11.18"]
[Round "3"]
[White "Chiluisa Bautista, Matias Sebastian"]
[Black "Cruz Reyes, Nick Steven"]
[Result "0-1"]
[WhiteElo "1233"]
[BlackElo "1220"]
[PlyCount "118"]
[EventDate "2020.11.18"]
[EventType "swiss"]
[EventRounds "9"]
[EventCountry "ECU"]
[SourceTitle "CBM 199 Extra"]
[Source "ChessBase"]
[SourceDate "2021.01.31"]
[SourceVersion "1"]
[SourceVersionDate "2021.01.31"]
[SourceQuality "1"]

1. e4 c6 2. d4 d5 3. e5 Bf5 4. Ne2 Nd7 5. Ng3 Bg6 6. h4 h6 7. h5 Bh7 8. Bd3 Bxd3 9. Qxd3 e6 10. c3 Ne7 11. f4 c5 12. a3 a6 13. Be3 Qb6 14. Qc2 Rc8 15. Qf2 Rc7 16. 0-0 Nc8 17. f5 cxd4 18. Bxd4 Bc5 19. b4 Bxd4 20. cxd4 Rc4 21. Nd2 Rxd4 22. Nf3 Rf4 23. Qxb6 Ncxb6 24. fxe6 fxe6 25. Ne2 Re4 26. Ned4 Ke7 27. Rfe1 Rxe1+ 28. Rxe1 Rc8 29. Re2 Rc3 30. Rc2 Rxc2 31. Nxc2 Nc4 32. Kf2 Ndxe5 33. Nxe5 Nxe5 34. Nd4 Nc4 35. a4 Nb2 36. b5 axb5 37. axb5 Nd3+ 38. Ke3 Nc5 39. g4 Kf6 40. Kf4 e5+ 41. Ke3 exd4+ 42. Kxd4 Na4 43. Kxd5 Kg5 44. Kd6 Kxg4 45. Kc7 b6 46. Kd6 Kxh5 47. Kd5 Kg5 48. Kc4 Nc5 49. Kb4 h5 50. Kc4 h4 51. Kd5 h3 52. Kc6 Na4 53. Kd5 h2 54. Ke6 h1Q 55. Kf7 Qf3+ 56. Kg8 Qd5+ 57. Kxg7 Qd7+ 58. Kf8 Kg6 59. Kg8 Qg7# 0-1

[Event "ECU-ch Schools U13 Clas1"]
[Site "Chess.com INT"]
[Date "2020.11.18"]
[Round "7"]
[White "Chiluisa Bautista, Matias Sebastian"]
[Black "Revelo Montenegro, Christopher Isaac"]
[Result "1/2-1/2"]
[WhiteElo "1233"]
[BlackElo "1044"]
[PlyCount "136"]
[EventDate "2020.11.18"]
[EventType "swiss"]
[EventRounds "9"]
[EventCountry "ECU"]
[SourceTitle "CBM 199 Extra"]
[Source "ChessBase"]
[SourceDate "2021.01.31"]
[SourceVersion "1"]
[SourceVersionDate "2021.01.31"]
[SourceQuality "1"]

1. e4 c5 2. Nc3 Nc6 3. Bc4 g6 4. d3 Bg7 5. a3 e6 6. Nge2 Nge7 7. Ng3 0-0 8. h4 h5 9. Bg5 d5 10. Ba2 dxe4 11. Ncxe4 Bxb2 12. Rb1 Bg7 13. Qd2 b6 14. Bh6 Nf5 15. Bxg7 Kxg7 16. Qf4 Nxg3 17. Qxg3 Nd4 18. Bb3 Nf5 19. Qf4 Bb7 20. Qe5+ Kg8 21. Nf6+ Kg7 22. Nxh5+ Kh6 23. Nf4 Qd4 24. Qxd4 Nxd4 25. g4 Nxb3 26. Rxb3 Bxh1 27. g5+ Kg7 28. Ke2 Bd5 29. Rb1 Rfe8 30. h5 gxh5 31. Rg1 Kf8 32. g6 fxg6 33. Nxg6+ Kf7 34. Ne5+ Ke7 35. Rg5 Kd6 36. f4 Rg8 37. Rxh5 Rh8 38. Rg5 Rag8 39. Nf7+ Ke7 40. Nxh8 Rxh8 41. Rg7+ Kf6 42. Rxa7 Rf8 43. Ke3 b5 44. Ra5 c4 45. dxc4 Bxc4 46. Ra7 Rf7 47. Rxf7+ Kxf7 48. Ke4 Kf6 49. Kf3 Kf5 50. Ke3 e5 51. fxe5 Kxe5 52. c3 Kd5 53. Kf4 Kc6 54. Ke5 Kb6 55. Kd6 Ka5 56. Kc5 Ka4 57. Kd4 Kxa3 58. Kc5 Kb3 59. Kd4 Bg8 60. Kd3 Bc4+ 61. Kd2 Bd5 62. Kd3 Bc4+ 63. Kd4 Be6 64. Kd3 Bd7 65. Kd4 Bh3 66. Kd3 Bf5+ 67. Kd4 b4 68. cxb4 Kxb4 1/2-1/2

[Event "ECU-ch Schools U15 Clas2"]
[Site "Chess.com INT"]
[Date "2020.11.07"]
[Round "6"]
[White "Chiluisa Bautista, Matias Sebastian"]
[Black "Guerrero Cajeca, Matias Israel"]
[Result "1-0"]
[WhiteElo "1233"]
[BlackElo "1294"]
[PlyCount "165"]
[EventDate "2020.11.07"]
[EventType "swiss"]
[EventRounds "9"]
[EventCountry "ECU"]
[SourceTitle "EXT 2022"]
[Source "ChessBase"]
[SourceDate "2021.10.06"]
[SourceVersion "1"]
[SourceVersionDate "2021.10.06"]
[SourceQuality "1"]

1. e4 g6 2. d4 Bg7 3. Nc3 c5 4. Be3 Nc6 5. Nge2 Nf6 6. f3 cxd4 7. Nxd4 0-0 8. Qd2 Nxd4 9. Bxd4 d6 10. g4 a6 11. h4 b5 12. h5 b4 13. Nd1 a5 14. Bxf6 exf6 15. Qh2 h6 16. Bc4 Qc7 17. Bd5 Bb7 18. Ne3 Bxd5 19. Nxd5 Qb7 20. Qxd6 Rad8 21. Nxf6+ Kh8 22. Qf4 g5 23. Qf5 Bxf6 24. Qxf6+ Kh7 25. Qf5+ Kg7 26. Rh2 Qc7 27. Re2 Rd4 28. e5 Rf4 29. Qd3 Rd8 30. Qe3 Qc6 31. e6 Rxf3 32. Qe5+ f6 33. e7 Re8 34. Qe4 Qxe4 35. Rxe4 Kf7 36. Ke2 Rh3 37. Rf1 Rxe7 38. Rxe7+ Kxe7 39. Rf5 Rh2+ 40. Kd3 Rg2 41. Rxa5 Rxg4 42. Ra7+ Ke6 43. Ra6+ Kf5 44. Ra5+ Kf4 45. Rb5 Kg3 46. Rf5 Kh4 47. Rxf6 Kxh5 48. Ke3 Rg2 49. Rc6 Rg4 50. a3 bxa3 51. bxa3 Ra4 52. Rc3 Kg4 53. Kf2 h5 54. Rg3+ Kh4 55. Kg2 g4 56. Rd3 Ra5 57. c4 Ra4 58. c5 Rc4 59. Rd5 Rc2+ 60. Kf1 Rc3 61. a4 Rc4 62. a5 Kg3 63. Rxh5 Ra4 64. c6 Ra1+ 65. Ke2 Rc1 66. Rh6 Kg2 67. Rg6 g3 68. a6 Rc2+ 69. Kd3 Ra2 70. c7 Ra3+ 71. Ke4 Ra4+ 72. Kd3 Ra3+ 73. Kc2 Kf2 74. c8Q Rf3 75. Rg4 g2 76. Qc5+ Kf1 77. Qc4+ Kf2 78. Qd4+ Kf1 79. Rf4 g1N 80. Rxf3+ Nxf3 81. Qf4 Ke2 82. Qxf3+ Kxf3 83. a7 1-0